000 00739nam a2200265Ia 4500
003 OSt
005 20221005032221.0
006 a|||||r|||| 00| 0
007 ta
008 221004b |||||||| |||| 00| 0 eng d
020 _a0838903983
024 _a18515
037 _cTextual
040 _aCRL
_cCRL
_beng
041 _2eng
_aeng
082 _a2:f, M4
100 _aSwisher Robert
_9584941
245 0 _aResearch for decision making
_b Methods for librarians
260 _aChicago
_bAmerican Library Association USA
_c1984
300 _a210p.
_ccm.
650 _aLIBRARY SCIENCE
700 _a Mcclure Charles R.
942 _h2:f, M4
_cTEXL
_2cc
999 _c939279
_d939279